Southville International School and Colleges
Your cart is empty.
  • Cart
  • Lists
    Public lists Eva Luna New books Lux_list list_1
    Your lists Log in to create your own lists
  • Log in to your account
  • Your cookies
  • Search history
Southville International School and Colleges
  • Advanced search
  • Recent comments
  • Most popular
  • Libraries

Log in to your account

Log in with GOOGLE


If you do not have an external account, but do have a local account, you can still log in:

  1. Home
  2. MARC view: A guest is a guest /
Normal view MARC view ISBD view

A guest is a guest / (Record no. 103734)

[ view plain ]
MARC details
000 -LEADER
fixed length control field 00666nam a2200205 a 4500
005 - DATE AND TIME OF LATEST TRANSACTION
control field 20140412111307.0
008 - FIXED-LENGTH DATA ELEMENTS--GENERAL INFORMATION
fixed length control field 010426s19uu xx 00 eng d
020 ## - INTERNATIONAL STANDARD BOOK NUMBER
International Standard Book Number 0-525-44720-2
050 ## - LIBRARY OF CONGRESS CALL NUMBER
Classification number TR(PS E
Item number Gu93 1991
100 ## - MAIN ENTRY--PERSONAL NAME
Personal name Himmelman, John
245 ## - TITLE STATEMENT
Title A guest is a guest /
Statement of responsibility, etc by John Himmelman.
250 ## - EDITION STATEMENT
Edition statement 1st Ed.
260 ## - PUBLICATION, DISTRIBUTION, ETC. (IMPRINT)
Place of publication, distribution, etc New York :
Name of publisher, distributor, etc Dutton Children's Books,
Date of publication, distribution, etc 1991.
300 ## - PHYSICAL DESCRIPTION
Extent 1v. (unp.) ; ill.
520 ## - SUMMARY, ETC.
Summary, etc Chaos prevails when the barnyard animals decide to live in the house with Farmer Beanbuckets and his family.
650 ## - SUBJECT ADDED ENTRY--TOPICAL TERM
Topical term or geographic name as entry element Humurous stories
650 ## - SUBJECT ADDED ENTRY--TOPICAL TERM
Topical term or geographic name as entry element Domestic animals-Fiction
650 ## - SUBJECT ADDED ENTRY--TOPICAL TERM
Topical term or geographic name as entry element Farm life-Fiction
Holdings
Withdrawn status Lost status Damaged status Home library Current library Shelving location Date acquired Source of acquisition Total Checkouts Full call number Barcode Date last seen Price effective from Koha item type
      Elizalde Library Elizalde Library Teachers Reference Section 04/26/2001     TR(PS E Gu93 1991 E5794 04/12/2014 04/12/2014 Books

A guest is a guest /

APA

Himmelman J., . (1991). A guest is a guest. New York: Dutton Children's Books.

Chicago

Himmelman John, . 1991. A guest is a guest. New York: Dutton Children's Books.

Harvard

Himmelman J., . (1991). A guest is a guest. New York: Dutton Children's Books.

MLA

Himmelman John, . A guest is a guest. New York: Dutton Children's Books. 1991.

  • Place hold
  • Print
  • Cite
  • Add to your cart (remove)
  • Save record
    BIBTEX Dublin Core MARCXML MARC (non-Unicode/MARC-8) MARC (Unicode/UTF-8) MARC (Unicode/UTF-8, Standard) MODS (XML) RIS
  • More searches
    Search for this title in:
    Other Libraries (WorldCat) Other Databases (Google Scholar) Online Stores (Bookfinder.com) Open Library (openlibrary.org)

Exporting to Dublin Core...

SOUTHVILLE LIBRARY

Southville International School and Colleges Library

1281 Tropical Ave. Cor. Luxembourg St., BF Homes International, Las Pinas City

Tel. No. 8256374 / 252358 Loc. 117/146

Powered by Koha